The disciplined life. (Record no. 13078)

000 -LEADER
fixed length control field 00764nam a2200205 a 4500
001 - CONTROL NUMBER
control field :::00010896$&:&@@
003 - CONTROL NUMBER IDENTIFIER
control field OkBaRHE
005 - DATE AND TIME OF LATEST TRANSACTION
control field 20000607103403.0
008 - FIXED-LENGTH DATA ELEMENTS--GENERAL INFORMATION
fixed length control field s1962 j 000 0 eng u
040 ## - CATALOGING SOURCE
Transcribing agency
100 1# - MAIN ENTRY--PERSONAL NAME
Personal name Taylor, Richard Shelley, 1912-
245 14 - TITLE STATEMENT
Title The disciplined life.
260 ## - PUBLICATION, DISTRIBUTION, ETC. (IMPRINT)
Place of publication, distribution, etc Minneapolis, MN., :
Name of publisher, distributor, etc Bethany House Publishers
Date of publication, distribution, etc c1962
300 ## - PHYSICAL DESCRIPTION
Extent 108 p. ;
Dimensions 18 cm.
650 ## - SUBJECT ADDED ENTRY--TOPICAL TERM
Topical term or geographic name as entry element Christian Life
942 ## - ADDED ENTRY ELEMENTS (KOHA)
Source of classification or shelving scheme
Koha item type Books
Copies
Date last seen Shelving location Barcode Permanent Location Full call number Source of classification or shelving scheme Date acquired Damaged status Price effective from Copy number Koha item type Lost status Not for loan Withdrawn status
2010-04-14General Stacks10896RHEMA Bible Training CollegeBV 4501.2 .T3 2010-04-14 2010-04-141Books   
2010-04-14General Stacks19468RHEMA Bible Training CollegeBV 4501.2 .T3 2010-04-14 2010-04-142Books   
2010-04-14General Stacks19615RHEMA Bible Training CollegeBV 4501.2 .T3 2010-04-14 2010-04-143Books